Me Write Myself : The Free Aboriginal Inhabitants of Van Diemen's Land at Wybalenna, 1832-47 (Record no. 49526)

MARC details
000 -LEADER
fixed length control field 01763nam a2200229Ia 4500
000 - LEADER
fixed length control field 02302naaa 00337uu
001 - CONTROL NUMBER
control field https://directory.doabooks.org/handle/20.500.12854/35267
005 - DATE AND TIME OF LATEST TRANSACTION
control field 20211222135932.0
008 - FIXED-LENGTH DATA ELEMENTS--GENERAL INFORMATION
fixed length control field 211013s9999 xx 000 0 und d
042 ## - AUTHENTICATION CODE
Authentication code dc
245 #0 - TITLE STATEMENT
Title Me Write Myself : The Free Aboriginal Inhabitants of Van Diemen's Land at Wybalenna, 1832-47
260 ## - PUBLICATION, DISTRIBUTION, ETC.
Name of publisher, distributor, etc. Monash University Publishing
Date of publication, distribution, etc. 2017
520 ## - SUMMARY, ETC.
Summary, etc. Exiles, lost souls, remnants of a dying race ... The fate of the First Nations peoples of Van Diemens Land is one of the most infamous chapters in Australian history. The men, women and children exiled to Flinders Island in the 1830s and 40s have often been written about, but never allowed to speak for themselves. This book aims to change that. Documents penned by the exiles during their 15 years at the settlement Wybalenna offer a compelling counter-narrative to traditional representations of a hopeless, dispossessed, illiterate people's final days. The exiles did not see themselves as prisoners, but as a Free People. Seen through their own writing, the community at Wybalenna was vibrant, complex and evolving. Rather than a depressed people simply waiting for death, their own words reveal a politically astute community engaged in a 15 year campaign for their own freedom. This book tells a compelling story that will profoundly affect understandings of Tasmanian and Australian history.
540 ## - TERMS GOVERNING USE AND REPRODUCTION NOTE
Terms governing use and reproduction Creative Commons
653 ## - INDEX TERM--UNCONTROLLED
Uncontrolled term History
700 1# - ADDED ENTRY--PERSONAL NAME
Personal name Stevens, Leonie
856 ## - ELECTRONIC LOCATION AND ACCESS
Uniform Resource Identifier <a href="https://directory.doabooks.org/handle/20.500.12854/35267">https://directory.doabooks.org/handle/20.500.12854/35267</a>
856 ## - ELECTRONIC LOCATION AND ACCESS
Uniform Resource Identifier <a href="https://library.oapen.org/bitstream/20.500.12657/45398/1/1004353.pdf">https://library.oapen.org/bitstream/20.500.12657/45398/1/1004353.pdf</a>
856 ## - ELECTRONIC LOCATION AND ACCESS
Uniform Resource Identifier <a href="www.oapen.org">www.oapen.org</a>
942 ## - ADDED ENTRY ELEMENTS (KOHA)
Koha item type E-Book
Holdings
Withdrawn status Source of classification or shelving scheme Damaged status Not for loan Home library Current library Date acquired Total Checkouts Date last seen Price effective from Koha item type
  Library of Congress Classification   Not For Loan Directory of Open Access Books Directory of Open Access Books 12/22/2021   12/22/2021 12/22/2021 E-Book

University of Rizal System
Email us at univlibservices@urs.edu.ph

Visit our Website www.urs.edu.ph/library